000 00308nam a22001337a 4500
008 170411b xxu||||| |||| 00| 0 eng d
020 _a9780781754873
041 _aeng
080 _a618
100 _a10
101 _aSHM
245 _aCONDITIONS IN OCCUPATIONAL THERAPY
_cATCHINSON.B.J
942 _2udc
_cBK
999 _c10337
_d10337